Państwa o kurczącej się populacji - Statystyki

Ogólne statystyki
  • Ten quiz został rozwiązany 210 razy
    90 od ostatniego zresetowania
  • Średni wynik to 11 z 20
Statystyki odpowiedzi
Urata Szczyt
populacji
Państwo % Poprawnych
5,15 mln 1992 Rosja
91%
14,1 mln 1993 Ukraina
82%
9,1 mln 2021 Chiny
78%
4,77 mln 2010 Japonia
74%
1,22 mln 1994 Białoruś
64%
0,853 mln 1992 Litwa
61%
0,801 mln 1990 Łotwa
61%
3,99 mln 1991 Rumunia
59%
1,17 mln 1987 Serbia
56%
2,25 mln 1989 Bułgaria
55%
1,44 mln 2014 Włochy
53%
1,17 mln 2011 Grecja
51%
0,981 mln 1991 Chorwacja
49%
1,31 mln 1992
Bośnia
i Hercegowina
48%
1,04 mln 1980 Węgry
47%
1,44 mln 1992 Mołdawia
46%
1,71 mln 1989 Gruzja
31%
1,25 mln 1841 Irlandia
22%
2,34 mln 2017 Wenezuela
15%
0,718 m 2015 Liban
9%
Nie znaleziono quizów pasujących do podanych kryteriów
Rozkład punktacji
Procent ludzi z każdym wynikiem
Percentyl według liczby udzielonych odpowiedzi
Twoja historia wyników
Nie rozwiązałeś tego quizu od ostatniego zresetowania